000 09581namaa22004451i 4500
003 EG-GICUC
005 20260426130645.0
008 260426s2025 ua a|||frm||| 000 0 eng d
040 _aEG-GICUC
_beng
_cEG-GICUC
_dEG-GICUC
_erda
041 0 _aeng
_beng
_bara
049 _aDeposit
082 0 4 _a616.01
092 _a616.01
_221
097 _aM.Sc
099 _aCai01.08.03.M.Sc.2025.Ab.C
100 0 _aMohab Mohamed Shalaby,
_epreparation.
245 1 0 _aComputational guided study on possible drug targets among Mycobacterium species /
_cby Mohab Mohamed Shalaby ; Supervision Prof. Dr. Mohammed Abd El-Haleem Rammadan, Prof. Dr. Reham Samir Mohamed, Prof. Dr. Tharwat Ragheb Elkhamissy.
246 1 5 _aمساهمة لتحاليل محققة الدقة لبعض أدوية داء السكري والقلب والأوعية الدموية التي تحتاج إلى مراقبة علاجية
264 0 _c2025.
300 _a68 pages :
_billustrations ;
_c25 cm. +
_eCD.
336 _atext
_2rda content
337 _aUnmediated
_2rdamedia
338 _avolume
_2rdacarrier
502 _aThesis (M.Sc)-Cairo University, 2025.
504 _aBibliography: pages 68-87.
520 3 _aThis thesis is concerned with the development of various analytical methods for the determination of selected active pharmaceutical ingredients that require therapeutic drug monitoring relevant with a particular focus on applications in point of care testing. The work includes the design of a green solid-state electrochemical sensor for the determination of vildagliptin, a photonic sensor based on a porous silicon platform for the sensitive and selective detection of ticagrelor, and a blue-shifted carbon dots-based fluorimetric probe for the quantification of ticagrelor. The aim of this study is to establish methods that are simple, sensitive, and selective, enabling rapid, on-site analysis of the targeted drugs in pure powder, pharmaceutical preparations, and/or spiked biological matrices. This thesis is divided into four chapters in addition to summaries in English and Arabic: Chapter I: General Introduction and Literature Review. Chapter II: Optimization and Evaluation of Potentiometric Sensing Membranes for Vildagliptin Determination: A Sustainable Approach Incorporating Whiteness and Greenness Assessment Chapter III: Photonic Sensor for Selective Ticagrelor Detection Based on Porous Silicon Fabry- Pérot Interferometer Modified with Molecularly Imprinted Co- polymer Chapter IV: Blue Shifted Carbon Dots-Based Fluorescent Probe for Determination of Ticagrelor: A Dual Method Evaluation via AGREE and BAGI. Chapter V: General Conclusion.
520 3 _aتتناول هذه الرسالة تطوير وتقييم عدة طرائق تحليلية لتقدير بعض المركبات الدوائية الهامة من الناحية السريرية، والتي تندرج ضمن العلاجات المضادة لمرض السكري وأمراض القلب، وذلك بهدف تعزيز تطبيقها في الرصد العلاجي الدوائي الفوري. الفصل الأول: مقدمة عامة والتراث العلمي يتناول هذا الفصل مقدمة شاملة حول المركّبين الدوائيين موضع الدراسة، فيلداجليبتين وتيكاجريلور، من حيث تركيب كل منهما، والطبيعة الكيميائية، والخواص الفيزيائية، وآلية العمل الدوائي. كما يستعرض الفصل الخلفية العلمية ذات الصلة، بما في ذلك الدراسات السابقة المنشورة التي تناولت طرائق التحليل المختلفة لهذه الأدوية سواء في صورتها النقية، أو ضمن مستحضراتها الصيدلانية، أو في السوائل البيولوجية. الفصل الثاني: تحسين وتقييم أغشية الاستشعار الجهدي لتقدير فيلداجليبتين: نهج مستدام يتضمن تقييم الإستدامة والصداقة البيئية يتناول هذا الفصل تطوير مستشعر جهدي ثابت الحالة لتقدير فيلداجليبتين، حيث تم تعزيز الغشاء الانتقائي بطبقة من أنابيب الكربون النانوية متعددة الجدران بهدف تحسين كفاءة تحويل الإشارات من أيونية إلى إلكترونية. وقد أظهر المستشعر استجابة خطية في مدى تركيز يتراوح من ١٫٠ × ١٠⁻٥ إلى ١٫٠ × ١٠⁻۲ مولار، مع حد كشف بلغ ٧٫٩٤ × ١٠⁻٦ مولار. تم تقييم أداء الطريقة من خلال أدوات تقييم الاستدامة مثل مؤشر الإجراءات التحليلية الخضراء، وأداة التوافق مع مبادئ الكيمياء الخضراء، بالإضافة إلى تطبيق نموذج البياض لتقدير التوازن بين الأداء البيئي والفعالية. وأظهرت النتائج تميز الطريقة من حيث الدقة، الكفاءة البيئية، وانخفاض التكلفة مقارنةً بالطرائق المنشورة سابقًا. الفصل الثالث: تطوير حساس بصري فوتوني لتقدير تيكاجريلور باستخدام بوليمر مطبوع جزيئيًا على سطح السيليكون المسامي يركز هذا الفصل على تصميم وتطوير حساس فوتوني بصري لتحديد عقار تيكاجريلور، اعتمادًا على تقنية البوليمر المطبوع جزيئيًا، والذي تم ترسيبه على سطح السيليكون المسامي. تم تعديل سطح السيليكون كهروكيميائيًا باستخدام أملاح ديازونيوم، تلاها ترسيب مشترك للبولي أنيلين وحمض البورونيك الأميني، مما مكَّن من إنشاء مواقع طبع جزيئي انتقائية للعقار. تم تقييم أداء الحساس من خلال دراسة تأثيرات الأس الهيدروجيني، وتكرار القياسات، والانتقائية تجاه تيكاجريلور في وجود مركبات مشابهة. أظهر الحساس استجابة واضحة ومستقرة عند ١٠ ميكرومول/لتر، مع قابلية تطبيق في عينات البلازما البشرية المُدعمة بالعقار. يعكس هذا العمل إمكانية استخدام أنظمة الاستشعار الفوتونية ذات البنية النانوية في تطبيقات الرصد البيولوجي السريع والدقيق. الفصل الرابع: مسبار ذات انبعاث لصفي معتمد على النقاط الكربونية زرقاء الإزاحة لتقدير التيكاجريلور: تقييم مزدوج باستخدام أداة تقييم الكيمياء التحليلية الخضراء ومؤشر الزرقة يتناول هذا الجزء تحضير ودراسة نقط كربونية ذات انبعاث لصفي عالٍ، وتم تحسين الكفاءة اللصفية باستخدام اليوريا وثنائي صوديوم الإيديتات كمصادر للنيتروجين.. تعتمد طريقة القياس على القدرة الانتقائية العالية لمركب التيكاجريلور في تثبيط الانبعاث اللصفي لتلك الجسيمات النانوية، وقد طُبقت هذه التقنية بنجاح في التحليل الكمي لهذا العقار في صورته النقية وشكله الصيدلي (الأقراص). أظهرت النتائج المستخلصة صلاحية هذه الطريقة للاستخدام في تحكم الجودة الروتيني لهذا المركب، وذلك لكونها اقتصادية وبسيطة بالإضافة إلى أنها عالية الانتقائية وصديقة للبيئة. تم تقييم المسبار بيئياً، وتفوق في مؤشر الزرقة والحساسية مقارنة بالطرائق المنشورة، كما أن النتائج الإحصائية كانت متوافقة مع الطرائق المنشورة. الفصل الخامس: الخلاصة العامة يتناول هذا الفصل عرضًا عامًا للاستنتاجات المستخلصة من العمل البحثي، مع تسليط الضوء على مدى فاعلية وأهمية الأساليب التحليلية المقترحة في الوصول إلى الأهداف المرجوة من الدراسة. تحتوي هذه الرسالة على ۳٦ شكلا، ۱٥ جدولا، و٧٠ مرجعا.
530 _aIssues also as CD.
546 _aText in English and abstract in Arabic & English.
650 0 _aMicrobiology and Immunology
650 0 _aكيمياء تحليلية
653 1 _aDEG
_aTuberculosis
_aMycobacterium
_aMaleic acid
_aIsoniazid
_aComputational analysis
_aDRUGBANK
700 0 _aMohammed Abd El-Haleem Rammadan
_ethesis advisor.
700 0 _aReham Samir Mohamed
_ethesis advisor.
700 0 _aTharwat Ragheb Elkhamissy
_ethesis advisor.
900 _b01-01-2025
_cMohammed Abd El-Haleem Rammadan
_cReham Samir Mohamed
_cTharwat Ragheb Elkhamissy
_UCairo University
_FFaculty of Pharmacy
_DDepartment of Microbiology and Immunology
905 _aShimaa
942 _2ddc
_cTH
_e21
_n0
999 _c179732